000 03663nab a2200301 i 4500
003 BR-BrBNA
005 20241104143117.0
008 241104b2008 bl.qr|pooa||| 00| 0 por |
040 _aBR-BrBNA
_bpor
072 _aF70
072 _aF63
100 _aBocage, Ana Luiza Du
100 _aSouza, Mariana Albuquerque de
100 _aMiotto, Silvia Teresinha Sfoggia
100 _aGonçalves-Esteves, Vania
245 _aPalinotaxonomia de espécies de Acacia (Leguminosae-Mimosoideae) no semi-árido brasileiro
500 _aPublicação on-line; 32 ref.; 4 tables; 2 illus.; Summaries (En, Pt)
520 _a RESUMO (Palinotaxonomia de espécies do gênero Acacia (Leguminosae-Mimosoideae) no semi-árido brasileiro) Foi realizado o estudo palinológico de 12 espécies de Acacia: A. farnesiana (Acacia subg. Acacia) e A. bahiensis, A. globosa, A. kallunkiae, A. langsdorffii, A. martiusiana, A. monacantha, A. piauhiensis, A. polyphylla, A. riparia, A. tenuifolia e A. velutina (Acacia subg. Aculeiferum). Os grãos de pólen foram acetolisados, medidos, descritos e ilustrados sob microscópio de luz e eletrônico de varredura. Os grãos de pólen em Acacia são reunidos em políades calimadas, médias ou grandes, de contorno esferoidal, em vista frontal e elíptico, em vista lateral, com 16 grãos de pólen, organizados de forma regular, com oito grãos de pólen em cada face, 4-porados. Em A. farnesiana, são observados 24-32 grãos de pólen organizados de forma irregular, 3-sulcados. Os grãos de pólen da políade são pequenos, subquadrados na face distal e piramidal, quando em vista equatorial. A sexina é granulada ou rugulada, na maioria das espécies. Conclui-se que as espécies não podem ser separadas através das suas características palinológicas, com exceção de A. farnesiana. Palavras-chave: palinologia, semi-árido, caatinga, Mimosaceae, Fabaceae.
520 _a ABSTRACT (Palynotaxonomy of the species of the Acacia (Leguminosae-Mimosoideae) from the Brasilian semi-arid region) The pollen of 12 species of Acacia: A. farnesiana (L.) Willd. (Acacia subg. Acacia) e A. bahiensis Benth., A. globosa A. Bocage & S. Miotto, A. kallunkiae Grimes & Barneby, A. langsdorffii Benth., A. martiusiana (Steud.) Burkart, A. monacantha DC., A. piauhiensis Benth., A. polyphylla DC., A. riparia Kunth, A. tenuifolia (L.) Willd., and A. velutina DC. (Acacia subg. Aculeiferum) was studied. Material was acetolized, measured, described and illustrated using light and scanning electron microscopy. The pollen grains in Acacia are bound in medium or large calimad polyads, spheroidal in shape on frontal view and elliptical from the side, containing 16 pollen grains, organized regularly with 8 pollen grains on each side. Pollen grains are 4-porate. In A. farnesiana, 24-32 pollen grains are found irregularly organized, while pollen grains are 3-sulcate. The polyad pollen grains are small, subsquared on distal view and pyramidal on the equatorial view, sexine is thicker than the nexine. Species could not be separated by their palynological features, except for A. farnesiana. Key words: palynology, semi-arid, caatinga, Mimosaceae, Fabaceae.
650 _aSEMI-ÁRIDO
650 _aCAATINGA
650 _aMIMOSOIDEAE
650 _aPÓLEN
773 0 _0709
_9345890
_dRio de Janeiro-RJ Jardim Botanico do Rio de Janeiro 1935
_o2024-6540
_tRodriguésia (Brazil)
_x0370-6583; 2175-7860 on-line
_gv. 59(3) p. 587-596; (2008)
_wBR2024003279
856 _uhttps://www.scielo.br/j/rod/a/BjTq85SRVrr6x5F33fmKd9c/?format=pdf&lang=pt
942 _cANA
999 _c328410
_d328410